Código penal: aprobada por decreto N§ 745, de 6 de febrero de 2009, del Ministerio de Justicia
में बचाया:
| स्वरूप: | पुस्तक |
|---|---|
| भाषा: | स्पेनिश |
| प्रकाशित: |
Santiago
Jurídica de Chile
2009
|
| संस्करण: | 22a. ed |
| श्रृंखला: | Códigos Especiales para estudiantes
|
| विषय: | |
| टैग: |
टैग जोड़ें
कोई टैग नहीं, इस रिकॉर्ड को टैग करने वाले पहले व्यक्ति बनें!
|
MARC
| LEADER | 00000nam a2200000 a 4500 | ||
|---|---|---|---|
| 001 | UCH5173 | ||
| 003 | CL-VaPUC | ||
| 008 | 091008e20090000CL |||||||||||||||||spa|d | ||
| 020 | |a 9789561018990 | ||
| 082 | 0 | 4 | |a 345.83 |b COD |2 21 |
| 245 | 1 | 0 | |a Código penal: aprobada por decreto N§ 745, de 6 de febrero de 2009, del Ministerio de Justicia |
| 250 | |a 22a. ed | ||
| 300 | |a 129 p | ||
| 942 | |c BK | ||
| 945 | |d 20091008 00:00:00 |a rbrito | ||
| 260 | |a Santiago |b Jurídica de Chile |c 2009 | ||
| 500 | |a Edición actualizada al 6 de febrero de 2009 | ||
| 650 | 7 | |a DERECHO PENAL |2 CL-VaPUC |9 11 | |
| 650 | 0 | |a Código penal |9 255935 | |
| 583 | |a last modification |c 20091008 00:00:00 |k Rodrigo Vera | ||
| 490 | 0 | |a Códigos Especiales para estudiantes | |
| 999 | |c 336356 |d 336354 | ||